[Event "Charlesbourg Festival 1"]
[Site "Charlesbourg CAN"]
[Date "2007.06.18"]
[Round "1"]
[White "Cournoyer, Dominic"]
[Black "Boutin, Andre"]
[Result "0-1"]
[WhiteElo "1807"]
[BlackElo "1280"]
[PlyCount "99"]
[GameId "2160767910667703"]
[EventDate "2007.06.18"]
[EventType "swiss"]
[EventRounds "5"]
[EventCountry "CAN"]
[SourceTitle "EXT 2022"]
[Source "ChessBase"]
[SourceDate "2021.10.06"]
[SourceVersion "1"]
[SourceVersionDate "2021.10.06"]
[SourceQuality "1"]

1. c4 e6 2. Nf3 c5 3. d4 cxd4 4. Nxd4 Nc6 5. a3 Nf6 6. g3 Bc5 7. Nb3 Qb6 8. e3 Na5 9. Nxa5 Qxa5+ 10. Nd2 d5 11. cxd5 Nxd5 12. Be2 Qc7 13. Nb3 Bb6 14. O-O O-O 15. Bd2 Qe5 16. Rb1 Rd8 17. Qe1 Bxe3 18. Bf3 Bd4 19. Qc1 b6 20. Re1 Qf6 21. Nxd4 Qxd4 22. Rd1 Qe5 23. Bf4 Qf5 24. Qc4 Bb7 25. Be4 Qh5 26. Qd3 f5 27. Bf3 Qg6 28. Be5 Qf7 29. Rbc1 Rd7 30. Qb3 Rad8 31. Qa4 a6 32. Qh4 g6 33. Qg5 b5 34. h4 f4 35. Bxf4 Nxf4 36. Qxd8+ Rxd8 37. Rxd8+ Kg7 38. Rcd1 Nd5 39. Bg4 Qe7 40. Rb8 h5 41. Bxe6 Qxe6 42. Rxb7+ Kf6 43. Kf1 Qc6 44. Ra7 Nc7 45. Rd8 Qb6 46. Rxc7 Qxc7 47. Rd2 Qc1+ 48. Ke2 Qc4+ 49. Ke1 Qc6 50. Ke2 0-1

[Event "Charlesbourg Festival 1"]
[Site "Charlesbourg CAN"]
[Date "2007.06.18"]
[Round "1"]
[White "Fortier, Bertrand"]
[Black "Plante, Rejean"]
[Result "0-1"]
[WhiteElo "1590"]
[BlackElo "2077"]
[PlyCount "58"]
[GameId "2160767910667705"]
[EventDate "2007.06.18"]
[EventType "swiss"]
[EventRounds "5"]
[EventCountry "CAN"]
[SourceTitle "EXT 2022"]
[Source "ChessBase"]
[SourceDate "2021.10.06"]
[SourceVersion "1"]
[SourceVersionDate "2021.10.06"]
[SourceQuality "1"]

1. Nf3 c5 2. g3 d5 3. Bg2 Nc6 4. d4 g6 5. c3 Qb6 6. O-O Bg7 7. dxc5 Qxc5 8. Nbd2 Nf6 9. Nb3 Qd6 10. Nbd4 e5 11. Nc2 O-O 12. b4 Re8 13. Bb2 e4 14. Nfd4 Ne5 15. Nb5 Qd7 16. Nba3 h5 17. h4 a6 18. Qd2 Qc7 19. Ne3 Be6 20. Rac1 Rad8 21. Nac2 Kh7 22. Nd4 Bh6 23. Nxe6 Rxe6 24. Rc2 Nc4 25. Qd4 Nxe3 26. fxe3 Ng4 27. Rf4 f5 28. Rxg4 hxg4 29. c4 Qxg3 0-1

[Event "Charlesbourg Festival 1"]
[Site "Charlesbourg CAN"]
[Date "2007.06.18"]
[Round "1"]
[White "Lessard, Claude"]
[Black "Sirois, Eric"]
[Result "1-0"]
[WhiteElo "2139"]
[BlackElo "1698"]
[PlyCount "73"]
[GameId "2160767910667706"]
[EventDate "2007.06.18"]
[EventType "swiss"]
[EventRounds "5"]
[EventCountry "CAN"]
[SourceTitle "EXT 2022"]
[Source "ChessBase"]
[SourceDate "2021.10.06"]
[SourceVersion "1"]
[SourceVersionDate "2021.10.06"]
[SourceQuality "1"]

1. d4 Nf6 2. g3 e6 3. Bg2 c5 4. Nf3 Nc6 5. O-O Be7 6. b3 O-O 7. Bb2 b6 8. dxc5 bxc5 9. Ne5 Bb7 10. Nxc6 Bxc6 11. Bxc6 dxc6 12. Na3 Qc7 13. Qe1 Rfd8 14. Nc4 Rd7 15. e4 Rad8 16. Bc3 Qb7 17. Ne5 Rd6 18. Nxf7 Kxf7 19. e5 Rd5 20. exf6 Bxf6 21. Bxf6 Kxf6 22. Qe4 g6 23. Rfe1 R8d6 24. c4 Rd2 25. Qe5+ Kf7 26. Qh8 Qd7 27. Qxh7+ Kf6 28. Qh4+ Kg7 29. Qe4 Kf7 30. Re3 R6d4 31. Rf3+ Kg7 32. Qe5+ Kg8 33. Rf6 Rd1+ 34. Rxd1 Rxd1+ 35. Kg2 Qd3 36. Qxe6+ Kg7 37. Rf7+ 1-0

[Event "Charlesbourg Festival 1"]
[Site "Charlesbourg CAN"]
[Date "2007.06.25"]
[Round "2"]
[White "Plante, Rejean"]
[Black "Bluteau, Yvon"]
[Result "0-1"]
[WhiteElo "2077"]
[BlackElo "1755"]
[PlyCount "141"]
[GameId "2160767910667707"]
[EventDate "2007.06.18"]
[EventType "swiss"]
[EventRounds "5"]
[EventCountry "CAN"]
[SourceTitle "EXT 2022"]
[Source "ChessBase"]
[SourceDate "2021.10.06"]
[SourceVersion "1"]
[SourceVersionDate "2021.10.06"]
[SourceQuality "1"]

1. d4 Nf6 2. c4 e6 3. Nf3 b6 4. g3 Bb7 5. Bg2 d5 6. O-O Be7 7. Ne5 O-O 8. Nc3 c6 9. Bf4 Nbd7 10. Qa4 Nxe5 11. Bxe5 Ng4 12. Bf4 Bg5 13. Bxg5 Qxg5 14. Rad1 f5 15. cxd5 exd5 16. e3 Qh6 17. h3 Nf6 18. b4 a6 19. Qb3 Kh8 20. Ne2 g5 21. a4 Qg7 22. b5 axb5 23. axb5 cxb5 24. Ra1 Qd7 25. Rfb1 Rxa1 26. Rxa1 Rc8 27. Nc3 Bc6 28. Rb1 Ne4 29. Rb2 Nxc3 30. Qxc3 Bb7 31. Qb4 Bc6 32. Qb3 Ra8 33. Bf1 f4 34. exf4 gxf4 35. Qf3 fxg3 36. fxg3 Qg7 37. Qf4 Re8 38. Bxb5 Bxb5 39. Rxb5 Qg6 40. Rb2 Qh5 41. Rf2 Kg8 42. g4 Qg6 43. Kh2 b5 44. h4 b4 45. h5 Qe6 46. h6 Qe7 47. Qf5 Qh4+ 48. Kg2 Qe7 49. Qxd5+ Kh8 50. Qf5 Qe4+ 51. Kg3 Qe3+ 52. Qf3 Qxh6 53. Qf6+ Qxf6 54. Rxf6 Rb8 55. Rf2 Kg7 56. Rb2 b3 57. Kf4 Kf6 58. g5+ Kg6 59. d5 Rb6 60. Ke5 Rb5 61. Ke6 Kxg5 62. d6 Rb4 63. Kd5 Rb8 64. d7 h5 65. Rxb3 Rxb3 66. d8=Q+ Kg4 67. Qd7+ Kg3 68. Qg7+ Kf2 69. Qd4+ Re3 70. Qh4+ Rg3 71. Ke4 0-1

[Event "Charlesbourg Festival 1"]
[Site "Charlesbourg CAN"]
[Date "2007.07.02"]
[Round "3"]
[White "Plante, Rejean"]
[Black "Caire, Francois"]
[Result "0-1"]
[WhiteElo "2077"]
[BlackElo "2281"]
[PlyCount "84"]
[GameId "2160767910667708"]
[EventDate "2007.06.18"]
[EventType "swiss"]
[EventRounds "5"]
[EventCountry "CAN"]
[SourceTitle "EXT 2022"]
[Source "ChessBase"]
[SourceDate "2021.10.06"]
[SourceVersion "1"]
[SourceVersionDate "2021.10.06"]
[SourceQuality "1"]

1. d4 Nf6 2. c4 e6 3. Nf3 b6 4. g3 Ba6 5. b3 Bb7 6. Bg2 Bb4+ 7. Bd2 a5 8. O-O O-O 9. a3 Bxd2 10. Qxd2 d6 11. Nc3 Nbd7 12. Qc2 Qe7 13. e4 e5 14. Rfe1 g6 15. Rad1 c6 16. d5 c5 17. Nd2 Nh5 18. Bh3 Ng7 19. Nf1 f5 20. exf5 Nxf5 21. Nb5 Qf6 22. Ne3 Rad8 23. Nxf5 gxf5 24. f4 e4 25. Bxf5 Qxf5 26. Nxd6 Qg6 27. Nxb7 Rb8 28. Qxe4 Qxe4 29. Rxe4 Rxb7 30. Re7 Rf7 31. Rde1 Nf8 32. Re8 Kg7 33. Kg2 b5 34. Ra8 a4 35. cxb5 axb3 36. a4 c4 37. d6 Ra7 38. Rc8 Rxa4 39. b6 b2 40. b7 Nd7 41. b8=Q Nxb8 42. Rxb8 Ra1 0-1

[Event "Charlesbourg Festival 1"]
[Site "Charlesbourg CAN"]
[Date "2007.07.09"]
[Round "4"]
[White "Arteau, Benoit"]
[Black "Plante, Rejean"]
[Result "1/2-1/2"]
[WhiteElo "1885"]
[BlackElo "2077"]
[PlyCount "57"]
[GameId "2160767910667709"]
[EventDate "2007.06.18"]
[EventType "swiss"]
[EventRounds "5"]
[EventCountry "CAN"]
[SourceTitle "EXT 2022"]
[Source "ChessBase"]
[SourceDate "2021.10.06"]
[SourceVersion "1"]
[SourceVersionDate "2021.10.06"]
[SourceQuality "1"]

1. d4 f5 2. g3 Nf6 3. Bg2 d5 4. Bg5 e6 5. Nf3 Bd6 6. Nbd2 Nbd7 7. c4 c6 8. Rc1 O-O 9. O-O Qe8 10. cxd5 exd5 11. e3 Ne4 12. Bf4 Qe7 13. Bxd6 Qxd6 14. Ne1 b6 15. Nd3 Ba6 16. Nf3 c5 17. Re1 Bxd3 18. Qxd3 c4 19. Qc2 b5 20. Nd2 Nb6 21. f3 Nxd2 22. Qxd2 b4 23. e4 dxe4 24. fxe4 fxe4 25. Rxe4 Rad8 26. Rce1 Rf6 27. Qe3 Rff8 28. Rh4 Nd5 29. Qe2 1/2-1/2

[Event "Charlesbourg Festival 1"]
[Site "Charlesbourg CAN"]
[Date "2007.07.09"]
[Round "4"]
[White "Bonneau, Daniel"]
[Black "Lessard, Claude"]
[Result "1/2-1/2"]
[WhiteElo "2011"]
[BlackElo "2028"]
[PlyCount "114"]
[GameId "2160767910667710"]
[EventDate "2007.06.18"]
[EventType "swiss"]
[EventRounds "5"]
[EventCountry "CAN"]
[SourceTitle "EXT 2022"]
[Source "ChessBase"]
[SourceDate "2021.10.06"]
[SourceVersion "1"]
[SourceVersionDate "2021.10.06"]
[SourceQuality "1"]

1. e4 c5 2. Nf3 Nc6 3. d4 cxd4 4. Nxd4 Nf6 5. Nc3 e5 6. Ndb5 d6 7. Bg5 a6 8. Na3 Be7 9. Bc4 O-O 10. Bxf6 Bxf6 11. Nd5 Bg5 12. O-O b5 13. Bb3 Nd4 14. c3 Nxb3 15. axb3 Be6 16. Nc2 Kh8 17. Qd3 f5 18. f3 Qe7 19. Kh1 Qf7 20. Rfd1 fxe4 21. fxe4 Qh5 22. Nc7 Bg4 23. Rf1 Bf4 24. Rxf4 exf4 25. Nxa8 f3 26. Nd4 fxg2+ 27. Kg1 Rxa8 28. Qxb5 Qh3 29. Qg5 Rf8 30. Nf5 Bxf5 31. exf5 h6 32. Qxg2 Qe3+ 33. Qf2 Qg5+ 34. Qg2 Qxf5 35. Rf1 Qc5+ 36. Kh1 Re8 37. Rg1 Re7 38. b4 Qc4 39. Qg4 Qc6+ 40. Qg2 Qc7 41. Qa8+ Kh7 42. Qxa6 Re3 43. Qf1 Qb7+ 44. Qg2 Qe7 45. Qg6+ Kg8 46. Rd1 Re2 47. Qd3 Rxb2 48. Qd5+ Kh8 49. Qa8+ Kh7 50. Qf3 Qe5 51. Qd3+ Kh8 52. Qg3 Qe4+ 53. Kg1 Re2 54. Ra1 Re3 55. Qg2 Qe5 56. Ra8+ Kh7 57. Qc2+ g6 1/2-1/2

[Event "Charlesbourg Festival 1"]
[Site "Charlesbourg CAN"]
[Date "2007.07.09"]
[Round "4"]
[White "Boulianne, Gabriel"]
[Black "Chiffot, Nicolas"]
[Result "0-1"]
[WhiteElo "1541"]
[BlackElo "1907"]
[PlyCount "90"]
[GameId "2160767910667711"]
[EventDate "2007.06.18"]
[EventType "swiss"]
[EventRounds "5"]
[EventCountry "CAN"]
[SourceTitle "EXT 2022"]
[Source "ChessBase"]
[SourceDate "2021.10.06"]
[SourceVersion "1"]
[SourceVersionDate "2021.10.06"]
[SourceQuality "1"]

1. d4 b5 2. e4 a6 3. Nf3 Bb7 4. Bd3 e6 5. O-O c5 6. c3 d6 7. Be3 Qc7 8. e5 dxe5 9. dxe5 Ne7 10. Bf4 Nd5 11. Bg3 c4 12. Bc2 Nd7 13. Nbd2 Nc5 14. Re1 Be7 15. Ne4 Nxe4 16. Bxe4 h5 17. Bh4 Bxh4 18. Nxh4 Qxe5 19. Ng6 Qg5 20. Nxh8 Rd8 21. Qf3 Rd7 22. Rad1 Re7 23. Bxd5 Bxd5 24. Rxd5 Qxd5 25. Qxd5 exd5 26. Rxe7+ Kxe7 27. f4 d4 28. cxd4 b4 29. Kf2 a5 30. Ke3 a4 31. a3 c3 32. bxc3 bxa3 33. Kd3 a2 34. Kc4 a1=Q 35. Kb4 Qb2+ 36. Kxa4 Qxc3 37. d5 Qc4+ 38. Ka3 Qxd5 39. Kb4 Qd8 40. Nxf7 Kxf7 41. Kc3 Ke6 42. g3 Qd5 43. h3 Kf5 44. g4+ hxg4 45. hxg4+ Kxf4 0-1

[Event "Charlesbourg Festival 1"]
[Site "Charlesbourg CAN"]
[Date "2007.07.09"]
[Round "4"]
[White "Caire, Francois"]
[Black "Beaudoin, Stephane"]
[Result "1/2-1/2"]
[WhiteElo "2275"]
[BlackElo "2130"]
[PlyCount "84"]
[GameId "2160767910667712"]
[EventDate "2007.06.18"]
[EventType "swiss"]
[EventRounds "5"]
[EventCountry "CAN"]
[SourceTitle "EXT 2022"]
[Source "ChessBase"]
[SourceDate "2021.10.06"]
[SourceVersion "1"]
[SourceVersionDate "2021.10.06"]
[SourceQuality "1"]

1. d4 Nf6 2. c4 g6 3. Nc3 Bg7 4. e4 d6 5. f4 O-O 6. Nf3 c5 7. Be2 a6 8. d5 b5 9. e5 dxe5 10. fxe5 Ng4 11. Bf4 Nd7 12. cxb5 Ngxe5 13. Nxe5 Nxe5 14. a4 axb5 15. Bxb5 c4 16. Bxe5 Bxe5 17. Qe2 Bxc3+ 18. bxc3 Qxd5 19. O-O Ba6 20. Bxa6 Rxa6 21. Qxe7 Re6 22. Rad1 Qxg2+ 23. Kxg2 Rxe7 24. Rd4 Rc7 25. a5 Ra8 26. Rd5 Ra6 27. Rb1 Re7 28. Rb6 Rxb6 29. axb6 Re2+ 30. Kf3 Rb2 31. Rd6 Kg7 32. Ke4 Rxh2 33. Kd4 Rb2 34. Kxc4 h5 35. Kc5 h4 36. Kc6 h3 37. Rd3 h2 38. Rh3 Rc2 39. b7 Rxc3+ 40. Rxc3 h1=Q+ 41. Kc7 Qe1 42. Rc6 Qe5+ 1/2-1/2

[Event "Charlesbourg Festival 1"]
[Site "Charlesbourg CAN"]
[Date "2007.07.09"]
[Round "4"]
[White "Lapierre, Gaetan"]
[Black "Bluteau, Yvon"]
[Result "1-0"]
[WhiteElo "1894"]
[BlackElo "1759"]
[PlyCount "97"]
[GameId "2160767910667713"]
[EventDate "2007.06.18"]
[EventType "swiss"]
[EventRounds "5"]
[EventCountry "CAN"]
[SourceTitle "EXT 2022"]
[Source "ChessBase"]
[SourceDate "2021.10.06"]
[SourceVersion "1"]
[SourceVersionDate "2021.10.06"]
[SourceQuality "1"]

1. d4 Nf6 2. c4 e6 3. Nc3 Bb4 4. Bd2 O-O 5. a3 Bxc3 6. Bxc3 Ne4 7. Bb4 d6 8. Qd3 f5 9. g3 Nc6 10. f3 Nxb4 11. axb4 Qf6 12. Bg2 Ng5 13. h4 Nf7 14. e3 e5 15. Ne2 b6 16. O-O Bb7 17. f4 Bxg2 18. Kxg2 e4 19. Qd2 Nh6 20. d5 Ng4 21. Ra6 Qg6 22. Rfa1 Nf6 23. Nd4 Nh5 24. Qf2 h6 25. Rxa7 Rac8 26. Ne6 Rfe8 27. Rxc7 Rxc7 28. Nxc7 Rc8 29. Ra8 Rxa8 30. Nxa8 Qf7 31. Nxb6 Qb7 32. c5 Nf6 33. Qe2 g5 34. hxg5 hxg5 35. fxg5 Ng4 36. Kg1 Qa7 37. Nc8 Qa1+ 38. Kg2 Qc1 39. Ne7+ Kf8 40. Nxf5 Ne5 41. Qh5 Qxb2+ 42. Kh3 Nf3 43. Qh6+ Ke8 44. Qe6+ Kf8 45. Qxd6+ Kg8 46. Qe6+ Kf8 47. Qe7+ Kg8 48. Qe8+ Kh7 49. g6# 1-0

[Event "Charlesbourg Festival 1"]
[Site "Charlesbourg CAN"]
[Date "2007.07.16"]
[Round "5"]
[White "Beauchesne, Jonathan"]
[Black "Boulianne, Gabriel"]
[Result "1-0"]
[WhiteElo "1499"]
[BlackElo "1541"]
[PlyCount "49"]
[GameId "2160767910667714"]
[EventDate "2007.06.18"]
[EventType "swiss"]
[EventRounds "5"]
[EventCountry "CAN"]
[SourceTitle "EXT 2022"]
[Source "ChessBase"]
[SourceDate "2021.10.06"]
[SourceVersion "1"]
[SourceVersionDate "2021.10.06"]
[SourceQuality "1"]

1. e4 e5 2. Nf3 Nc6 3. Bb5 a6 4. Ba4 Nf6 5. O-O Bc5 6. Nxe5 Nxe5 7. d4 Bxd4 8. Qxd4 Nc6 9. Bxc6 dxc6 10. Qxd8+ Kxd8 11. Bg5 h6 12. Bxf6+ gxf6 13. Nc3 Ke7 14. Rad1 Rg8 15. Kh1 c5 16. Nd5+ Kf8 17. Nxc7 Ra7 18. Rd8+ Kg7 19. Rxg8+ Kxg8 20. Rd1 Be6 21. b3 b5 22. Ne8 f5 23. e5 Kf8 24. Nf6 c4 25. Rd8+ 1-0

[Event "Charlesbourg Festival 1"]
[Site "Charlesbourg CAN"]
[Date "2007.07.16"]
[Round "5"]
[White "Beaudoin, Stephane"]
[Black "Lapierre, Gaetan"]
[Result "1-0"]
[WhiteElo "2130"]
[BlackElo "1894"]
[PlyCount "69"]
[GameId "2160767910667715"]
[EventDate "2007.06.18"]
[EventType "swiss"]
[EventRounds "5"]
[EventCountry "CAN"]
[SourceTitle "EXT 2022"]
[Source "ChessBase"]
[SourceDate "2021.10.06"]
[SourceVersion "1"]
[SourceVersionDate "2021.10.06"]
[SourceQuality "1"]

1. e4 d5 2. exd5 Qxd5 3. Nc3 Qa5 4. d4 Nf6 5. Bc4 c6 6. Nge2 Bf5 7. O-O e6 8. Ng3 Bg6 9. Re1 Nbd7 10. Bd2 Qc7 11. Bb3 O-O-O 12. a4 Bd6 13. a5 h5 14. Nf1 h4 15. Be3 Kb8 16. Na4 Bh5 17. Qc1 Ng4 18. h3 Nxe3 19. Qxe3 Bf4 20. Qc3 g5 21. Ne3 Bxe3 22. Rxe3 g4 23. hxg4 Bxg4 24. Qb4 h3 25. g3 h2+ 26. Kh1 Nf6 27. Nc5 Ka8 28. Qc3 Rdg8 29. Ne4 Nxe4 30. Rxe4 Qe7 31. a6 Qb4 32. Rxg4 Qb5 33. Rxg8+ Rxg8 34. axb7+ Qxb7 35. Qf3 1-0

[Event "Charlesbourg Festival 1"]
[Site "Charlesbourg CAN"]
[Date "2007.07.16"]
[Round "5"]
[White "Caire, Francois"]
[Black "Bonneau, Daniel"]
[Result "1-0"]
[WhiteElo "2275"]
[BlackElo "2011"]
[PlyCount "27"]
[GameId "2160767910667716"]
[EventDate "2007.06.18"]
[EventType "swiss"]
[EventRounds "5"]
[EventCountry "CAN"]
[SourceTitle "EXT 2022"]
[Source "ChessBase"]
[SourceDate "2021.10.06"]
[SourceVersion "1"]
[SourceVersionDate "2021.10.06"]
[SourceQuality "1"]

1. d4 d5 2. Nf3 Nf6 3. c4 e6 4. Nc3 Be7 5. Qc2 O-O 6. Bg5 h6 7. h4 b6 8. O-O-O hxg5 9. hxg5 Ne4 10. Nxe4 dxe4 11. Qxe4 Bxg5+ 12. e3 Bh6 13. Bd3 f5 14. Qxa8 1-0

[Event "Charlesbourg Festival 1"]
[Site "Charlesbourg CAN"]
[Date "2007.07.16"]
[Round "5"]
[White "Cournoyer, Dominic"]
[Black "Laflamme, Simon"]
[Result "1-0"]
[WhiteElo "1784"]
[BlackElo "1962"]
[PlyCount "79"]
[GameId "2160767910667717"]
[EventDate "2007.06.18"]
[EventType "swiss"]
[EventRounds "5"]
[EventCountry "CAN"]
[SourceTitle "EXT 2022"]
[Source "ChessBase"]
[SourceDate "2021.10.06"]
[SourceVersion "1"]
[SourceVersionDate "2021.10.06"]
[SourceQuality "1"]

1. Nf3 Nf6 2. b4 g6 3. Bb2 Bg7 4. g3 O-O 5. Bg2 d6 6. O-O e5 7. d3 c6 8. Nbd2 Be6 9. c4 Nfd7 10. d4 f5 11. dxe5 Nxe5 12. Nxe5 dxe5 13. Qc2 Qe7 14. a3 e4 15. e3 Nd7 16. Rfd1 Ne5 17. Bxe5 Bxe5 18. Rab1 Rfd8 19. Nb3 Qf7 20. Bf1 Rd6 21. Rxd6 Bxd6 22. Nd4 Be7 23. Nxe6 Qxe6 24. c5 Kf8 25. Bc4 Qe5 26. Rd1 Rd8 27. Rxd8+ Bxd8 28. Bb3 Qe7 29. Qc4 Ke8 30. Qd4 Qf6 31. Qc4 Kd7 32. Qg8 h5 33. h4 a6 34. Kf1 Kc7 35. Qf7+ Be7 36. Qe8 Qe5 37. Kg2 Qf6 38. Bc4 Bd8 39. Bf7 g5 40. hxg5 1-0

[Event "Charlesbourg Festival 1"]
[Site "Charlesbourg CAN"]
[Date "2007.07.16"]
[Round "5"]
[White "Lessard, Claude"]
[Black "Fortier, Bertrand"]
[Result "1-0"]
[WhiteElo "2028"]
[BlackElo "1590"]
[PlyCount "63"]
[GameId "2160767910667718"]
[EventDate "2007.06.18"]
[EventType "swiss"]
[EventRounds "5"]
[EventCountry "CAN"]
[SourceTitle "EXT 2022"]
[Source "ChessBase"]
[SourceDate "2021.10.06"]
[SourceVersion "1"]
[SourceVersionDate "2021.10.06"]
[SourceQuality "1"]

1. d4 Nf6 2. Nf3 d5 3. c4 e6 4. e3 c5 5. Nc3 Nc6 6. cxd5 exd5 7. h3 a6 8. Be2 b5 9. O-O Be7 10. dxc5 O-O 11. Nd4 Bb7 12. Nxc6 Bxc6 13. b4 Qd7 14. Bb2 Rfd8 15. Bf3 a5 16. a3 axb4 17. axb4 Rxa1 18. Bxa1 Ne8 19. Ne2 Bf6 20. Bxf6 Nxf6 21. Nd4 Ra8 22. Qb3 Re8 23. Ra1 h6 24. Ra6 Rc8 25. Be2 Qb7 26. Qa2 Ne4 27. Rb6 Nc3 28. Rxb7 Nxa2 29. Nxc6 Rxc6 30. Bxb5 Rc8 31. Bd7 Rd8 32. c6 1-0

[Event "Charlesbourg Festival 1"]
[Site "Charlesbourg CAN"]
[Date "2007.07.16"]
[Round "5"]
[White "Plante, Rejean"]
[Black "Glode, Martin"]
[Result "1/2-1/2"]
[WhiteElo "2077"]
[BlackElo "1793"]
[PlyCount "114"]
[GameId "2160767910667719"]
[EventDate "2007.06.18"]
[EventType "swiss"]
[EventRounds "5"]
[EventCountry "CAN"]
[SourceTitle "EXT 2022"]
[Source "ChessBase"]
[SourceDate "2021.10.06"]
[SourceVersion "1"]
[SourceVersionDate "2021.10.06"]
[SourceQuality "1"]

1. c4 e6 2. g3 d5 3. Bg2 c6 4. b3 Nf6 5. Bb2 Bd6 6. d4 O-O 7. Nf3 Nbd7 8. Nbd2 Qe7 9. O-O e5 10. dxe5 Nxe5 11. cxd5 Nxd5 12. Ne4 Nxf3+ 13. Bxf3 Be5 14. Bd4 Bh3 15. Re1 Rfd8 16. Bxe5 Qxe5 17. Qc1 Rac8 18. Nc5 Nc3 19. Nd3 Qd4 20. Qb2 Bf5 21. Nf4 Ne4 22. Qxd4 Rxd4 23. g4 Ng5 24. gxf5 Nxf3+ 25. exf3 Rxf4 26. Re7 Rb8 27. Rd1 Rxf5 28. Rxb7 Re8 29. Rxa7 Rxf3 30. Rc1 h6 31. Rc2 Re6 32. Rc7 Rg6+ 33. Kf1 Rh3 34. R2xc6 Rg4 35. Rc4 Rg5 36. Rc3 Rxh2 37. a4 Rf5 38. Rc2 h5 39. b4 Rh1+ 40. Kg2 Ra1 41. a5 h4 42. R7c5 Rf4 43. R2c4 h3+ 44. Kxh3 Rxf2 45. Rc8+ Kh7 46. Rh4+ Kg6 47. Rc6+ f6 48. Kg3 Rf5 49. Rg4+ Kh6 50. Rc2 Ra3+ 51. Kg2 Rff3 52. Rf2 Rfb3 53. Kg1 Ra1+ 54. Rf1 Ra4 55. Rff4 Ra1+ 56. Kg2 Ra2+ 57. Rf2 Ra4 1/2-1/2

[Event "Charlesbourg Festival 2"]
[Site "Charlesbourg CAN"]
[Date "2007.07.23"]
[Round "1"]
[White "Champetier, Serge"]
[Black "Fortier, Bertrand"]
[Result "1/2-1/2"]
[WhiteElo "2061"]
[BlackElo "1613"]
[PlyCount "84"]
[GameId "2160767910580182"]
[EventDate "2007.07.23"]
[EventType "swiss"]
[EventRounds "5"]
[EventCountry "CAN"]
[SourceTitle "EXT 2022"]
[Source "ChessBase"]
[SourceDate "2021.10.06"]
[SourceVersion "1"]
[SourceVersionDate "2021.10.06"]
[SourceQuality "1"]

1. e4 c6 2. d4 d5 3. e5 Bf5 4. h4 h6 5. g4 Bg6 6. h5 Be4 7. f3 Bh7 8. e6 Qd6 9. exf7+ Kxf7 10. Ne2 Nd7 11. Bf4 e5 12. dxe5 Nxe5 13. Bg2 Qb4+ 14. Nd2 Re8 15. O-O Qc5+ 16. Kh2 Qxc2 17. Nd4 Qd3 18. Qa4 Bd6 19. N2b3 Nf6 20. Rad1 Qa6 21. Qxa6 bxa6 22. Nxc6 Bc2 23. Rc1 Bxb3 24. axb3 g5 25. Bxe5 Bxe5+ 26. Nxe5+ Rxe5 27. Rc7+ Re7 28. Rxe7+ Kxe7 29. Ra1 Rd8 30. Bf1 Rd6 31. Bxa6 Rb6 32. Ra3 Nd7 33. Be2 Rb7 34. Kg3 Nc5 35. Bd1 Ke6 36. Ra5 Kd6 37. f4 Ne4+ 38. Kf3 gxf4 39. Kxf4 Rf7+ 40. Ke3 Ke5 41. b4 Ng5 42. Be2 Re7 1/2-1/2

[Event "Charlesbourg Festival 2"]
[Site "Charlesbourg CAN"]
[Date "2007.07.23"]
[Round "1"]
[White "Lessard, Claude"]
[Black "Boulianne, Gabriel"]
[Result "1/2-1/2"]
[WhiteElo "2015"]
[BlackElo "1506"]
[PlyCount "44"]
[GameId "2160767910580183"]
[EventDate "2007.07.23"]
[EventType "swiss"]
[EventRounds "5"]
[EventCountry "CAN"]
[SourceTitle "EXT 2022"]
[Source "ChessBase"]
[SourceDate "2021.10.06"]
[SourceVersion "1"]
[SourceVersionDate "2021.10.06"]
[SourceQuality "1"]

1. d4 Nf6 2. Nf3 e6 3. c4 b6 4. e3 Bb7 5. Bd3 d5 6. O-O Be7 7. Nc3 O-O 8. b3 Nbd7 9. cxd5 Nxd5 10. Nxd5 exd5 11. Bb2 c5 12. Ne5 Nf6 13. Rc1 Rc8 14. Qf3 Bd6 15. dxc5 bxc5 16. Ng4 Ne4 17. Nh6+ gxh6 18. Bxe4 dxe4 19. Qg4+ Qg5 20. Qd7 Qe7 21. Qg4+ Qg5 22. Qd7 Qe7 1/2-1/2

[Event "Charlesbourg Festival 2"]
[Site "Charlesbourg CAN"]
[Date "2007.07.23"]
[Round "1"]
[White "Sirois, Eric"]
[Black "Beaudoin, Stephane"]
[Result "0-1"]
[WhiteElo "1672"]
[BlackElo "2149"]
[PlyCount "52"]
[GameId "2160767910580184"]
[EventDate "2007.07.23"]
[EventType "swiss"]
[EventRounds "5"]
[EventCountry "CAN"]
[SourceTitle "EXT 2022"]
[Source "ChessBase"]
[SourceDate "2021.10.06"]
[SourceVersion "1"]
[SourceVersionDate "2021.10.06"]
[SourceQuality "1"]

1. e4 g6 2. d4 Bg7 3. Nc3 d6 4. Be3 c6 5. Qd2 Nd7 6. h4 h5 7. f3 a6 8. g4 hxg4 9. fxg4 b5 10. Bg2 Nb6 11. Bf3 Nc4 12. Qe2 Nxb2 13. e5 d5 14. Bg5 Bh6 15. Bxh6 Nxh6 16. Kf2 Qb6 17. Qd2 Nxg4+ 18. Kg3 Nh6 19. Nge2 Nc4 20. Qf4 Be6 21. Rab1 Qa7 22. Nd1 Kd7 23. Nf2 Nf5+ 24. Kg2 Nce3+ 25. Kg1 Nxc2 26. Nd3 Ncxd4 0-1

[Event "Charlesbourg Festival 2"]
[Site "Charlesbourg CAN"]
[Date "2007.07.30"]
[Round "2"]
[White "Beaudoin, Stephane"]
[Black "Cournoyer, Dominic"]
[Result "1-0"]
[WhiteElo "2149"]
[BlackElo "1769"]
[PlyCount "169"]
[GameId "2160767910580185"]
[EventDate "2007.07.23"]
[EventType "swiss"]
[EventRounds "5"]
[EventCountry "CAN"]
[SourceTitle "EXT 2022"]
[Source "ChessBase"]
[SourceDate "2021.10.06"]
[SourceVersion "1"]
[SourceVersionDate "2021.10.06"]
[SourceQuality "1"]

1. e4 d5 2. exd5 Nf6 3. Bb5+ Nbd7 4. c4 a6 5. Ba4 Rb8 6. Ne2 b5 7. cxb5 axb5 8. Nd4 Bb7 9. Bxb5 Bxd5 10. O-O g6 11. Nc3 Bb7 12. Qe2 Bg7 13. Bc6 Nh5 14. Bxb7 Bxd4 15. Bf3 O-O 16. Bxh5 gxh5 17. d3 Kh8 18. Qxh5 Nf6 19. Qf3 Bxc3 20. bxc3 Rg8 21. d4 Rg6 22. Be3 Qd7 23. c4 Rbg8 24. g3 Qh3 25. Bf4 h5 26. Be5 h4 27. Rfe1 hxg3 28. hxg3 Rh6 29. Qg2 Qh5 30. Re3 Kh7 31. Bxf6 exf6 32. Rae1 f5 33. Re5 f6 34. Rc5 Rg7 35. a4 Qg4 36. a5 Qxd4 37. Rd5 Qc3 38. Red1 Qc2 39. Qf3 Kg6 40. Qd3 Rh1+ 41. Kxh1 Qxf2 42. Rxf5 Qxf5 43. Kg2 Rg8 44. Qxf5+ Kxf5 45. a6 Ra8 46. Rd5+ Ke6 47. Ra5 Ra7 48. Kf3 c6 49. Ke4 c5 50. g4 Ke7 51. Kd5 Kd7 52. Kxc5 Kc7 53. Kb5 Kb8 54. Ra2 Rg7 55. Kb6 Rxg4 56. Re2 Rg8 57. c5 f5 58. c6 f4 59. Re7 f3 60. Ra7 Rg6 61. Rf7 Rg8 62. Rxf3 Rc8 63. Rf7 Rg8 64. Ra7 Rg6 65. Rd7 Rg8 66. c7+ Kc8 67. Rd8+ Rxd8 68. cxd8=Q+ Kxd8 69. a7 Kd7 70. a8=Q Kd6 71. Qc8 Kd5 72. Qc5+ Ke6 73. Qd4 Kf5 74. Qe3 Kf6 75. Qc5 Ke6 76. Qd4 Kf5 77. Kc6 Ke6 78. Qd5+ Kf6 79. Qe4 Kg5 80. Qf3 Kg6 81. Kd6 Kg5 82. Ke6 Kg6 83. Qg4+ Kh6 84. Kf6 Kh7 85. Qg7# 1-0